[Event "ESP-chT CECLUB Sur Div 1"]
[Site "Burguillos"]
[Date "2007.08.22"]
[Round "1"]
[White "Avrukh, Boris"]
[Black "Garcia Luque, Agustin"]
[Result "0-1"]
[WhiteElo "2645"]
[BlackElo "2372"]
[PlyCount "100"]
[EventDate "2007.08.22"]
[EventType "team"]
[EventRounds "6"]
[EventCountry "ESP"]
[SourceTitle "CBM 119 Extra"]
[Source "ChessBase"]
[SourceDate "2007.09.04"]
[SourceVersion "1"]
[SourceVersionDate "2007.09.04"]
[SourceQuality "1"]

1. d4 Nf6 2. c4 g6 3. Nc3 Bg7 4. e4 d6 5. h3 0-0 6. Bg5 c6 7. Bd3 e5 8. d5 h6 9. Be3 b5 10. cxb5 cxd5 11. exd5 Bb7 12. Bc4 Nbd7 13. Nge2 Nb6 14. Bb3 Nfd7 15. a4 a5 16. 0-0 f5 17. f4 Rc8 18. Rc1 Nc5 19. Ba2 Re8 20. Kh1 exf4 21. Bxc5 Rxc5 22. Nxf4 Qg5 23. Rc2 Nc4 24. Bxc4 Rxc4 25. Ne6 Rxe6 26. dxe6 Qg3 27. e7 Qxh3+ 28. Kg1 Qe3+ 29. Rff2 Qxe7 30. Ne2 Rg4 31. Nf4 Be5 32. Rc4 Kh7 33. b6 d5 34. Nxd5 Qh4 35. Rxg4 Qh2+ 36. Kf1 Ba6+ 37. Re2 Qh1+ 38. Kf2 Qxd1 39. Rxe5 fxg4 40. Re7+ Kg8 41. Rd7 Qd4+ 42. Kg3 Qxb2 43. Kf4 Kf8 44. Ke4 Ke8 45. Rh7 Qxg2+ 46. Ke5 Qh2+ 47. Kd4 Qd6 48. b7 Bxb7 49. Rxb7 g3 50. Rb2 h5 0-1

[Event "Seville op 32nd"]
[Site "Seville"]
[Date "2007.01.07"]
[Round "9"]
[White "Parligras, Mircea Emilian"]
[Black "Garcia Luque, Agustin"]
[Result "1/2-1/2"]
[WhiteElo "2494"]
[BlackElo "2373"]
[PlyCount "29"]
[EventDate "2007.01.07"]
[EventType "swiss"]
[EventRounds "9"]
[EventCountry "ESP"]
[SourceTitle "CBM 116 Extra"]
[Source "ChessBase"]
[SourceDate "2007.03.07"]
[SourceVersion "1"]
[SourceVersionDate "2007.03.07"]
[SourceQuality "1"]

1. e4 c6 2. d4 d5 3. e5 Bf5 4. Nf3 e6 5. Be2 Nd7 6. 0-0 Ne7 7. Nh4 Bg6 8. Nd2 Nf5 9. Nxg6 hxg6 10. c3 f6 11. Nf3 Qc7 12. exf6 gxf6 13. c4 g5 14. h3 g4 15. Nh2 1/2-1/2

[Event "Dos Hermanas op 5th"]
[Site "Dos Hermanas"]
[Date "2006.04.01"]
[Round "3"]
[White "Matamoros Franco, Carlos S"]
[Black "Garcia Luque, Agustin"]
[Result "1/2-1/2"]
[WhiteElo "2510"]
[BlackElo "2355"]
[PlyCount "25"]
[EventDate "2006.03.30"]
[EventType "swiss"]
[EventRounds "9"]
[EventCountry "ESP"]
[SourceTitle "CBM 111 Extra"]
[Source "ChessBase"]
[SourceDate "2006.05.09"]
[SourceVersion "1"]
[SourceVersionDate "2006.05.09"]
[SourceQuality "1"]

1. c4 Nf6 2. g3 g6 3. Bg2 Bg7 4. Nc3 0-0 5. d4 c6 6. e4 d6 7. Nf3 a6 8. 0-0 b5 9. e5 Ne8 10. c5 d5 11. Bf4 Nc7 12. Qd2 Bg4 13. Bh6 1/2-1/2

[Event "Seville Mercantil op 2nd"]
[Site "Seville"]
[Date "2006.01.26"]
[Round "7"]
[White "Lopez Rodriguez, Fernando"]
[Black "Garcia Luque, Agustin"]
[Result "0-1"]
[WhiteElo "2153"]
[BlackElo "2355"]
[PlyCount "84"]
[EventDate "2006.01.20"]
[EventType "swiss"]
[EventRounds "9"]
[EventCountry "ESP"]
[SourceTitle "CBM 110 Extra"]
[Source "ChessBase"]
[SourceDate "2006.03.10"]
[SourceVersion "2"]
[SourceVersionDate "2006.03.10"]
[SourceQuality "1"]

1. d4 Nf6 2. c4 g6 3. Nc3 Bg7 4. e4 d6 5. Nf3 0-0 6. Be2 e5 7. 0-0 Na6 8. d5 Nc5 9. Qc2 a5 10. Nd2 Ne8 11. Nb3 f5 12. Nxc5 dxc5 13. Be3 b6 14. f3 f4 15. Bf2 h5 16. a3 g5 17. h3 Rf6 18. b4 Rg6 19. bxc5 g4 20. hxg4 hxg4 21. fxg4 Qg5 22. cxb6 Bxg4 23. Be1 Bf8 24. Bxg4 Qxg4 25. Na4 cxb6 26. Ra2 Rc8 27. Qd3 Qd7 28. Qb3 Qh7 29. Rf3 Rh6 30. Rh3 Qxe4 31. Bf2 Rg6 32. Qf3 Qb1+ 33. Kh2 Nf6 34. Rb2 Qf5 35. Nxb6 Ng4+ 36. Kh1 e4 37. Qb3 f3 38. Bd4 f2 39. Rh8+ Kf7 40. Bxf2 Nxf2+ 41. Rxf2 Qxf2 42. Rxf8+ Rxf8 0-1

[Event "Seville Juegos Mundiales op"]
[Site "Seville"]
[Date "2006.??.??"]
[Round "?"]
[White "Franco Ocampos, Zenon"]
[Black "Garcia Luque, Agustin"]
[Result "1-0"]
[WhiteElo "2530"]
[BlackElo "2357"]
[PlyCount "103"]
[EventDate "2006.07.01"]
[EventType "swiss (rapid)"]
[EventRounds "9"]
[EventCountry "ESP"]
[SourceTitle "EXT 2008"]
[Source "ChessBase"]
[SourceDate "2007.11.25"]
[SourceVersion "1"]
[SourceVersionDate "2007.11.25"]
[SourceQuality "1"]

1. c4 Nf6 2. Nc3 g6 3. e4 d6 4. d4 Bg7 5. Be2 0-0 6. Nf3 a5 7. 0-0 Na6 8. Bg5 Qe8 9. Nd2 e5 10. d5 Nd7 11. a3 Bf6 12. Bh6 Bg7 13. Be3 f5 14. f3 f4 15. Bf2 h5 16. b4 g5 17. Nb3 Qg6 18. c5 g4 19. fxg4 hxg4 20. Bxg4 Nf6 21. Bxc8 Raxc8 22. b5 Nxc5 23. Nxc5 dxc5 24. Bxc5 Ng4 25. Qf3 Rf7 26. h3 Nf6 27. a4 Bf8 28. Bxf8 Rcxf8 29. Rad1 Ne8 30. Nb1 Rg7 31. Nd2 Nd6 32. Rc1 Qh7 33. Qd3 Rf6 34. b6 cxb6 35. Rf2 Rh6 36. Kf1 Rg3 37. Rf3 Rhxh3 38. gxh3 Qxh3+ 39. Ke2 Rg2+ 40. Kd1 Rg1+ 41. Kc2 Qh2 42. Rxg1+ Qxg1 43. Qc3 Qg7 44. Rf1 b5 45. axb5 a4 46. Qc5 Qg6 47. Kb2 Kf7 48. Qc7+ Ke8 49. Rh1 Nf7 50. Qc8+ Ke7 51. Qxb7+ Ke8 52. Qc6+ 1-0

[Event "Dos Hermanas-B"]
[Site "Dos Hermanas"]
[Date "2005.04.06"]
[Round "6"]
[White "Garcia Luque, Agustin"]
[Black "Perez Candelario, Manuel"]
[Result "0-1"]
[WhiteElo "2376"]
[BlackElo "2495"]
[PlyCount "82"]
[EventDate "2005.04.01"]
[EventType "tourn"]
[EventRounds "9"]
[EventCountry "ESP"]
[EventCategory "10"]
[SourceTitle "CBM 107"]
[Source "ChessBase"]
[SourceDate "2005.08.01"]
[SourceVersion "1"]
[SourceVersionDate "2005.08.01"]
[SourceQuality "1"]

1. e4 e5 2. Nf3 Nc6 3. Bb5 a6 4. Ba4 Nf6 5. Bxc6 dxc6 6. d3 Nd7 7. 0-0 Bd6 8. a4 0-0 9. Nbd2 Re8 10. Nc4 c5 11. Be3 Nb8 12. Nfd2 Bf8 13. f4 exf4 14. Rxf4 Nc6 15. Qf3 Nd4 16. Bxd4 Qxd4+ 17. Kh1 Be6 18. Rf1 b5 19. c3 Qd8 20. Ne5 Qg5 21. d4 Bd6 22. h4 Qh6 23. Rf2 cxd4 24. cxd4 c5 25. g3 f6 26. Ng4 Bxg4 27. Rxg4 cxd4 28. Qb3+ Kh8 29. Qf7 Rad8 30. axb5 axb5 31. Kg2 d3 32. Nf3 Re7 33. Qd5 Bc7 34. Qc5 Red7 35. e5 d2 36. Nxd2 Rxd2 37. Qxc7 Rxf2+ 38. Kxf2 Qd2+ 39. Kf3 Qd1+ 40. Kf4 Rd4+ 41. Ke3 Rd3+ 0-1

[Event "Dos Hermanas-B"]
[Site "Dos Hermanas"]
[Date "2005.04.01"]
[Round "1"]
[White "Garcia Luque, Agustin"]
[Black "Fernandez Romero, Ernesto"]
[Result "1/2-1/2"]
[WhiteElo "2376"]
[BlackElo "2449"]
[PlyCount "42"]
[EventDate "2005.04.01"]
[EventType "tourn"]
[EventRounds "9"]
[EventCountry "ESP"]
[EventCategory "10"]
[SourceTitle "CBM 107"]
[Source "ChessBase"]
[SourceDate "2005.08.01"]
[SourceVersion "1"]
[SourceVersionDate "2005.08.01"]
[SourceQuality "1"]

1. e4 e6 2. d3 d5 3. Nd2 Nc6 4. Ngf3 Nf6 5. c3 a5 6. Be2 e5 7. 0-0 Be7 8. Re1 0-0 9. Bf1 Re8 10. exd5 Qxd5 11. Qb3 Bd6 12. Qxd5 Nxd5 13. a4 Nb6 14. Ne4 Bf8 15. d4 Bg4 16. Nxe5 Nxe5 17. dxe5 Rxe5 18. Bf4 Re7 19. h3 Bf5 20. Ng3 Rxe1 21. Rxe1 Bc2 1/2-1/2

[Event "Seville op 30th"]
[Site "Seville"]
[Date "2005.01.13"]
[Round "7"]
[White "Garcia Luque, Agustin"]
[Black "Fernandez Romero, Ernesto"]
[Result "1/2-1/2"]
[WhiteElo "2390"]
[BlackElo "2471"]
[PlyCount "28"]
[EventDate "2005.01.07"]
[EventType "swiss"]
[EventRounds "9"]
[EventCountry "ESP"]
[SourceTitle "CBM 104 Extra"]
[Source "ChessBase"]
[SourceDate "2005.03.01"]
[SourceVersion "1"]
[SourceVersionDate "2005.03.01"]
[SourceQuality "1"]

1. e4 c6 2. d4 d5 3. exd5 cxd5 4. Bd3 Nc6 5. c3 Qc7 6. Na3 a5 7. Nc2 Nf6 8. Ne3 e5 9. dxe5 Nxe5 10. Nf3 Bd6 11. h3 0-0 12. 0-0 Be6 13. Nf5 Nxd3 14. Qxd3 Bc5 1/2-1/2

[Event "POR-chT"]
[Site "Vila Nova de Gaia"]
[Date "2004.08.07"]
[Round "6.2"]
[White "Fernandez Garcia, Jose Luis"]
[Black "Garcia Luque, Agustin"]
[Result "1-0"]
[WhiteElo "2478"]
[BlackElo "2406"]
[PlyCount "121"]
[EventDate "2004.08.02"]
[EventType "team"]
[EventRounds "7"]
[EventCountry "POR"]
[SourceTitle "EXT 2005"]
[Source "ChessBase"]
[SourceDate "2004.11.15"]
[SourceVersion "1"]
[SourceVersionDate "2004.11.15"]
[SourceQuality "1"]
[WhiteTeam "02"]
[BlackTeam "08"]
[WhiteTeamCountry "POR"]
[BlackTeamCountry "POR"]

1. e4 c6 2. c4 g6 3. Nc3 Bg7 4. d4 d6 5. f4 Na6 6. Be2 Nf6 7. Nf3 0-0 8. 0-0 Nd7 9. f5 Nb6 10. Ng5 Nc7 11. Kh1 e6 12. fxg6 hxg6 13. Qe1 f6 14. Nf3 e5 15. d5 cxd5 16. cxd5 Qe8 17. Nh4 Kh7 18. Qg3 Rh8 19. Bg4 Bxg4 20. Qxg4 Nc8 21. Rf3 Ne7 22. Be3 Qc8 23. Qg3 Qd7 24. Raf1 Ne8 25. Nd1 Rc8 26. Nf2 Rc4 27. b3 Rb4 28. Bd2 Rd4 29. Qh3 Qxh3 30. Rxh3 Rxd2 31. Nf3+ Bh6 32. Nxd2 Kg7 33. Nc4 f5 34. g4 b5 35. Na5 fxe4 36. Nxe4 Bf4 37. Rxh8 Kxh8 38. Rd1 Nc7 39. Nc6 Nexd5 40. Nxa7 b4 41. Nc8 Nc3 42. Rxd6 Nxe4 43. Rd8+ Kg7 44. Rd7+ Kf6 45. Rxc7 Nf2+ 46. Kg2 Nxg4 47. Rc6+ Kf7 48. h3 Ne3+ 49. Kf3 Nd5 50. Nd6+ Kg7 51. Ne4 Kf7 52. Rd6 Ne7 53. Rf6+ Kg7 54. Rb6 Nd5 55. Rb5 Nc3 56. Rxb4 Nxa2 57. Rc4 Kf7 58. b4 Ke6 59. b5 Kd5 60. Rc5+ Ke6 61. b6 1-0

[Event "Seville op 29th"]
[Site "Seville"]
[Date "2004.01.17"]
[Round "9"]
[White "Teske, Henrik"]
[Black "Garcia Luque, Agustin"]
[Result "1/2-1/2"]
[WhiteElo "2526"]
[BlackElo "2413"]
[PlyCount "108"]
[EventDate "2004.01.09"]
[EventType "swiss"]
[EventRounds "9"]
[EventCountry "ESP"]
[SourceTitle "CBM 098 Extra"]
[Source "ChessBase"]
[SourceDate "2004.03.10"]
[SourceVersion "2"]
[SourceVersionDate "2004.03.10"]
[SourceQuality "1"]

1. Nf3 Nf6 2. c4 g6 3. Nc3 Bg7 4. g3 0-0 5. Bg2 d6 6. d4 c6 7. 0-0 Bf5 8. b3 Ne4 9. Bb2 Nxc3 10. Bxc3 Be4 11. Rc1 d5 12. e3 Qd6 13. Bh3 Nd7 14. Qe2 Bf5 15. Bxf5 gxf5 16. cxd5 Qxd5 17. Rfd1 a5 18. Rc2 Rfd8 19. Nd2 a4 20. Rb1 axb3 21. Rxb3 b5 22. Qf3 Nf6 23. Bb4 e6 24. Rxc6 Rxa2 25. Qxd5 Nxd5 26. Nf3 Ra4 27. Bc5 b4 28. Nd2 Bf8 29. Nc4 Ra1+ 30. Kg2 Rc1 31. Nb6 Nxb6 32. Rxb6 Bxc5 33. dxc5 Rxc5 34. R3xb4 Rc2 35. Rf4 h5 36. Rb7 Rdd2 37. h3 Rc5 38. g4 hxg4 39. hxg4 Rdd5 40. e4 Rd4 41. gxf5 exf5 42. Rxf5 Rxf5 43. exf5 Kg7 44. Kg3 Kf6 45. f3 Ra4 46. Rc7 Rb4 47. Ra7 Rc4 48. f4 Rc1 49. Kg4 Rg1+ 50. Kf3 Rf1+ 51. Ke3 Re1+ 52. Kf2 Rb1 53. Ra5 Rb3 54. Re5 Ra3 1/2-1/2

[Event "Seville op 29th"]
[Site "Seville"]
[Date "2004.01.16"]
[Round "8"]
[White "Garcia Luque, Agustin"]
[Black "Perez Garcia, Rodney Oscar"]
[Result "1-0"]
[WhiteElo "2413"]
[BlackElo "2458"]
[PlyCount "85"]
[EventDate "2004.01.09"]
[EventType "swiss"]
[EventRounds "9"]
[EventCountry "ESP"]
[SourceTitle "CBM 098 Extra"]
[Source "ChessBase"]
[SourceDate "2004.03.10"]
[SourceVersion "2"]
[SourceVersionDate "2004.03.10"]
[SourceQuality "1"]

1. Nf3 d5 2. g3 Nf6 3. Bg2 e6 4. 0-0 Be7 5. d3 0-0 6. Nbd2 c5 7. e4 Nc6 8. Re1 b5 9. e5 Nd7 10. Nf1 a5 11. h4 b4 12. Bf4 Ba6 13. Ng5 Qe8 14. Qg4 Kh8 15. h5 a4 16. h6 g6 17. b3 Bb5 18. Rac1 axb3 19. axb3 Ra2 20. Nf3 Qd8 21. N1h2 Nb6 22. Bg5 Bxg5 23. Nxg5 Nd4 24. Qf4 Qe7 25. Ng4 Nd7 26. Ne3 Nc6 27. Bxd5 Ncxe5 28. Ng4 Nxg4 29. Qxg4 Nf6 30. Qf3 Bd7 31. Bc4 Rfa8 32. Qf4 Kg8 33. Qe5 Ne8 34. Re4 R2a5 35. Rce1 R8a7 36. Rf4 f6 37. Bxe6+ Bxe6 38. Qxe6+ Qxe6 39. Rxe6 Ra8 40. Rfe4 fxg5 41. Rxe8+ Rxe8 42. Rxe8+ Kf7 43. Rh8 1-0

[Event "POR Cup fin"]
[Site "Canecas"]
[Date "2003.11.02"]
[Round "2.2"]
[White "Garcia Luque, Agustin"]
[Black "Guerra Bastida, Diego"]
[Result "1/2-1/2"]
[WhiteElo "2404"]
[BlackElo "2393"]
[PlyCount "97"]
[EventDate "2003.11.02"]
[EventType "team-tourn"]
[EventRounds "1"]
[EventCountry "POR"]
[SourceTitle "EXT 2008"]
[Source "ChessBase"]
[SourceDate "2007.11.25"]
[SourceVersion "1"]
[SourceVersionDate "2007.11.25"]
[SourceQuality "1"]

1. Nf3 c5 2. g3 b6 3. Bg2 Bb7 4. 0-0 Nf6 5. d3 d6 6. e4 g6 7. Re1 Bg7 8. e5 dxe5 9. Nxe5 Bxg2 10. Kxg2 Qd5+ 11. Qf3 Qxf3+ 12. Kxf3 Nfd7 13. Nxd7 Nxd7 14. Kg2 Ne5 15. Bd2 Nc6 16. Bc3 Nd4 17. Na3 Kf8 18. Rad1 Bf6 19. Rd2 Kg7 20. Nc4 Rhd8 21. a4 h5 22. h4 Rd5 23. Re4 Rb8 24. Ne3 Rdd8 25. Rd1 a6 26. b3 b5 27. axb5 axb5 28. b4 cxb4 29. Bxb4 Rd7 30. Ra1 Rc8 31. Ra2 Nc6 32. Ra6 Bd4 33. Bd2 Nd8 34. Bb4 Ne6 35. Ra2 Rc6 36. Nd1 f5 37. Re1 Bf6 38. Ra5 Nd4 39. Ne3 Nxc2 40. Nxc2 Rxc2 41. Rxb5 Rb2 42. Re6 Kf7 43. Reb6 Bd4 44. Be1 Re2 45. Kf1 Rxe1+ 46. Kxe1 Bxb6 47. Rxb6 Rxd3 48. Ke2 Ra3 49. Rb2 1/2-1/2

[Event "ESP-ch op 68th"]
[Site "Burgos"]
[Date "2003.10.28"]
[Round "5"]
[White "Garcia Luque, Agustin"]
[Black "Colas Longares, Rafael P"]
[Result "0-1"]
[WhiteElo "2404"]
[BlackElo "2337"]
[PlyCount "118"]
[EventDate "2003.10.24"]
[EventType "swiss"]
[EventRounds "9"]
[EventCountry "ESP"]
[SourceTitle "EXT 2004"]
[Source "ChessBase"]
[SourceDate "2003.11.25"]
[SourceVersion "1"]
[SourceVersionDate "2003.11.25"]
[SourceQuality "1"]

1. e4 e5 2. Nf3 Nc6 3. d4 exd4 4. Nxd4 g6 5. Nc3 Bg7 6. Be3 d6 7. Be2 Nf6 8. Nxc6 bxc6 9. e5 Ng8 10. exd6 cxd6 11. 0-0 Ne7 12. Ne4 d5 13. Bd4 0-0 14. Bxg7 Kxg7 15. Qd4+ f6 16. Nc5 Qd6 17. Bd3 Nf5 18. Bxf5 Bxf5 19. Rae1 Rae8 20. c3 Re7 21. Re3 Rfe8 22. g4 Rxe3 23. fxe3 Bxg4 24. Na6 Bc8 25. Qxa7+ Re7 26. Qc5 Qe6 27. Nb4 Qg4+ 28. Kf2 Qh4+ 29. Ke2 Bg4+ 30. Kd2 Qxh2+ 31. Kc1 Rc7 32. a4 Qe2 33. Rg1 Qf2 34. Rh1 Bf3 35. Nd3 Qg2 36. Re1 Be4 37. Rd1 Bxd3 38. Rxd3 Qe4 39. Rd4 Qxe3+ 40. Kb1 Qe7 41. Qb6 c5 42. Rxd5 h5 43. Rd6 Qe4+ 44. Kc1 Qf4+ 45. Kb1 Re7 46. Qd8 Qe4+ 47. Kc1 h4 48. a5 Qf4+ 49. Kc2 Qa4+ 50. Kd2 Qf4+ 51. Kc2 Qe4+ 52. Kc1 h3 53. Rd2 Qe3 54. Kc2 g5 55. a6 c4 56. Rd7 Qf2+ 57. Kd1 Qf3+ 58. Kd2 Qf4+ 59. Kc2 Qf5+ 0-1

[Event "ESP-ch op 68th"]
[Site "Burgos"]
[Date "2003.10.26"]
[Round "3"]
[White "Garcia Luque, Agustin"]
[Black "Castany Pampalona, Luis Maria"]
[Result "1/2-1/2"]
[WhiteElo "2404"]
[BlackElo "2222"]
[PlyCount "94"]
[EventDate "2003.10.24"]
[EventType "swiss"]
[EventRounds "9"]
[EventCountry "ESP"]
[SourceTitle "EXT 2004"]
[Source "ChessBase"]
[SourceDate "2003.11.25"]
[SourceVersion "1"]
[SourceVersionDate "2003.11.25"]
[SourceQuality "1"]

1. e4 Nf6 2. e5 Nd5 3. d4 d6 4. c4 Nb6 5. exd6 exd6 6. h3 Be7 7. Bd3 Nc6 8. Nf3 Nb4 9. Be2 Bf5 10. Na3 c5 11. Be3 0-0 12. 0-0 Rc8 13. Qd2 a6 14. Rfc1 Re8 15. d5 Bf6 16. Nb1 a5 17. Nc3 Na6 18. Bf4 Rc7 19. Bf1 h6 20. Nb5 Rd7 21. Re1 Rxe1 22. Rxe1 Nc8 23. b3 b6 24. g4 Bg6 25. Bd3 Bxd3 26. Qxd3 Nb4 27. Qd2 Na7 28. a3 Na6 29. a4 Nc8 30. Re4 Re7 31. Qe2 Nc7 32. Rxe7 Bxe7 33. Nd2 Nxb5 34. axb5 Bg5 35. Bxg5 Qxg5 36. Qe8+ Kh7 37. Nf3 Qf6 38. Qe4+ Kg8 39. h4 Ne7 40. h5 g6 41. hxg6 Nxg6 42. Kg2 Kg7 43. Kg3 Qc3 44. Qe3 Qa1 45. Qe1 Qf6 46. Qe3 Qa1 47. Qe1 Qf6 1/2-1/2

[Event "Andalucia-ch"]
[Site "Torremolinos"]
[Date "2003.05.24"]
[Round "6.1"]
[White "Garcia Luque, Agustin"]
[Black "Cuenca Jimenez, Jose Fernando"]
[Result "1-0"]
[WhiteElo "2409"]
[BlackElo "2227"]
[PlyCount "55"]
[EventDate "2003.05.24"]
[EventType "swiss"]
[EventRounds "8"]
[EventCountry "ESP"]
[SourceTitle "EXT 2004"]
[Source "ChessBase"]
[SourceDate "2003.11.25"]
[SourceVersion "1"]
[SourceVersionDate "2003.11.25"]
[SourceQuality "1"]

1. e4 d5 2. exd5 Qxd5 3. Nc3 Qa5 4. h3 Nf6 5. Nf3 c6 6. Bd3 e5 7. 0-0 Bd6 8. Re1 0-0 9. b4 Qxb4 10. Nxe5 Qf4 11. Nf3 Nbd7 12. Ne4 Nxe4 13. Bxe4 Ne5 14. Nxe5 Bxe5 15. Bxh7+ Kxh7 16. Qh5+ Kg8 17. Rxe5 Be6 18. d3 Qd4 19. Rb1 Bxa2 20. Rxb7 Qa1 21. Qg5 Rfe8 22. Rxa7 Rxe5 23. Rxa8+ Kh7 24. Qd2 Rb5 25. Kh2 Rb1 26. Qg5 Rb5 27. Qh4+ Kg6 28. Qe4+ 1-0

[Event "Dos Hermanas-C"]
[Site "Dos Hermanas"]
[Date "2003.03.28"]
[Round "1"]
[White "Garcia Luque, Agustin"]
[Black "Lalic, Bogdan"]
[Result "1/2-1/2"]
[WhiteElo "2406"]
[BlackElo "2547"]
[PlyCount "20"]
[EventDate "2003.03.28"]
[EventType "tourn"]
[EventRounds "9"]
[EventCountry "ESP"]
[EventCategory "4"]
[SourceTitle "CBM 093 Extra"]
[Source "ChessBase"]
[SourceDate "2003.05.09"]
[SourceVersion "1"]
[SourceVersionDate "2003.05.09"]
[SourceQuality "1"]

1. Nf3 Nf6 2. g3 d5 3. Bg2 c6 4. d3 Bg4 5. Nbd2 Nbd7 6. 0-0 e5 7. h3 Bh5 8. e4 Bd6 9. c3 0-0 10. Qe2 Re8 1/2-1/2

[Event "Seville op 28th"]
[Site "Seville"]
[Date "2003.01.17"]
[Round "8"]
[White "Korneev, Oleg"]
[Black "Garcia Luque, Agustin"]
[Result "1-0"]
[WhiteElo "2613"]
[BlackElo "2406"]
[PlyCount "65"]
[EventDate "2003.01.10"]
[EventType "swiss"]
[EventRounds "9"]
[EventCountry "ESP"]
[SourceTitle "CBM 092 Extra"]
[Source "ChessBase"]
[SourceDate "2003.03.07"]
[SourceVersion "1"]
[SourceVersionDate "2003.03.07"]
[SourceQuality "1"]

1. e4 d6 2. d4 Nf6 3. Nc3 c6 4. f4 g6 5. Nf3 Bg7 6. Bd3 0-0 7. h3 b5 8. 0-0 Na6 9. a3 b4 10. Ne2 bxa3 11. bxa3 c5 12. c3 cxd4 13. cxd4 Nc7 14. Be3 d5 15. e5 Ne4 16. Rc1 f5 17. Qa4 Bd7 18. Qa5 Nb5 19. Qe1 Nxa3 20. Nc3 e6 21. Ra1 Nc4 22. Bxc4 Nxc3 23. Qxc3 Qc7 24. Rfc1 dxc4 25. d5 exd5 26. Ra5 Rfc8 27. Rca1 a6 28. Rxd5 Bf8 29. Rda5 Rab8 30. Rxa6 Rb3 31. Qc1 Bc5 32. Qxc4+ Be6 33. Qxe6+ 1-0

[Event "Seville op 28th"]
[Site "Seville"]
[Date "2003.01.16"]
[Round "7"]
[White "Garcia Luque, Agustin"]
[Black "Bernard, Jacques"]
[Result "1-0"]
[WhiteElo "2406"]
[BlackElo "2201"]
[PlyCount "59"]
[EventDate "2003.01.10"]
[EventType "swiss"]
[EventRounds "9"]
[EventCountry "ESP"]
[SourceTitle "CBM 092 Extra"]
[Source "ChessBase"]
[SourceDate "2003.03.07"]
[SourceVersion "1"]
[SourceVersionDate "2003.03.07"]
[SourceQuality "1"]

1. e4 c5 2. Nf3 Nc6 3. Bb5 e6 4. 0-0 Nge7 5. c3 d5 6. e5 Bd7 7. Bd3 Qc7 8. Re1 Ng6 9. Bxg6 hxg6 10. d4 Be7 11. Na3 Qb6 12. Nc2 Rc8 13. Ne3 cxd4 14. cxd4 Na5 15. Ng4 Bb4 16. Bd2 Nc4 17. Bxb4 Qxb4 18. Rb1 0-0 19. a3 Qe7 20. h4 Rc6 21. Ng5 Rfc8 22. f4 Rb6 23. h5 Nxb2 24. Rxb2 Rxb2 25. hxg6 f6 26. Nf7 Be8 27. exf6 gxf6 28. Ngh6+ Kf8 29. g7+ Kxg7 30. Qg4+ 1-0